00691 2200253 4500001002100000005001700021008004100038020002200079035002500101040001200126082002300138084002300161090002300184100002300207245005300230250001100283260003600294300002400330500002900354650001000383700001100393850001200404990002100416INLIS00000000000055220141127122836.0  a978-602-7727-09-0 a0010-101400000000447 aYOPDYOG aDEP 297.3822 Sya M aDEP 297.3822 Sya M aDEP 297.3822 Sya M aSYAFII MASYKUR, M. aMenajamkan otak dengan shalatcM. Syafii Masykur aCet. 1 aYogyakartabCitra Risalahc2013 av, 163 hlm.c19 cm. aBibliografi : hlm. [164] aSalat aSawaun aYOPDYOG aCB-D.11-2013-819